=LDR 00000nam 2200000 4500 =001 INLIS000000000030301 =005 20200925014722 =035 ##$$a 0010-061300000030301 =008 200925################g##########0#ind## =041 ##$$a ind =082 ##$$a 2x4.31 =090 ##$$a 2x4.31, Dai k =100 ##$$a Dai, Athian Ali Moh =245 1#$$a Keluarga sakinan, /$c H. K. Athian Ali Moh. Da'i, MA. =260 ##$$a Jakarta :$b Raja Grafindo Persada,$c 1998 =300 ##$$a xiv, 480 hlm. ; $c 18 x 10 cm. =650 #4$$a Rumah Tangga Islam =850 ##$$a NBPNMAT =020 ##$$a 979-421-643-7 =084 ##$$a 2x4.31 DAI k =250 ##$$a cet. 1 =990 ##$$a 142.313/Pro.99 =990 ##$$a 142.313/Pro.99